Nommez une Préfecture Valide pour Chaque Nombre de Lettres - Statistiques

Statistiques générales
  • Ce quiz a été pris 114 fois
    36 depuis la dernière actualisation
  • Le résultat moyen est 7 sur 9
Statistiques - réponses
Lettres Réponses possibles % Correct
4 Agen | Albi | Auch | Caen | Foix | Laon | Lyon | Metz | Nice
93%
6 Amiens | Angers | Annecy | Bastia | Cahors | Colmar | Épinal | Évreux | Guéret | Nantes | Nevers | Privas | Rennes | Tarbes | Toulon | Troyes | Vannes | Vesoul
86%
5 Arras | Blois | Dijon | Laval | Lille | Mâcon | Melun | Mende | Nancy | Nîmes | Niort | Paris | Rodez | Rouen | Tours | Tulle
86%
8 Aurillac | Beauvais | Besançon | Bordeaux | Chambéry | Chartres | Chaumont | Grenoble | Nanterre | Poitiers | Toulouse
86%
9 Angoulême | Mamoudzou | Marseille | Montauban | Périgueux | Perpignan
71%
3 Gap | Pau
71%
7 Ajaccio | Alençon | Auxerre | Avignon | Belfort | Bobigny | Bourges | Cayenne | Créteil | Limoges | Moulins | Orléans | Quimper | Valence
64%
11 Carcassonne | Châteauroux | Montpellier
64%
10 Strasbourg | Versailles
64%
Aucun quiz correspondant
Distribution des résultats
% des personnes avec chaque résultat
Percentile par nombre de réponses
Votre historique - résultats
Vous n’avez pas pris ce quiz depuis la dernière actualisation